Comprensión
Saved in:
| Main Author: | |
|---|---|
| Format: | Book |
| Language: | Spanish |
| Published: |
Madrid
CEPE
1998
|
| Series: | Colección Reeducación Logopédica, 19-20
|
| Subjects: | |
| Tags: |
Add Tag
No Tags, Be the first to tag this record!
|
MARC
| LEADER | 00000nam a2200000 a 4500 | ||
|---|---|---|---|
| 001 | UCO6618 | ||
| 003 | CL-VaPUC | ||
| 008 | 001027e19980000SP |||||||||||||||||spa|d | ||
| 082 | 0 | 4 | |a 372.357 |b TOR |2 21 |
| 100 | 0 | |a Torre Alcalá, Antonio de la |e author |9 451408 | |
| 245 | 1 | 0 | |a Comprensión |
| 300 | |a v | ||
| 942 | |c BK | ||
| 945 | |d 20001027 00:00:00 |a vberengu | ||
| 260 | |a Madrid |b CEPE |c 1998 | ||
| 500 | |a v.1: Qué hacer...? | ||
| 500 | |a v.2: Por qué y por qué no...? | ||
| 650 | 0 | |a Educación básica |9 224933 | |
| 650 | 7 | |a EDUCACION SOCIAL |2 CL-VaPUC |9 330279 | |
| 583 | |a last modification |c 20001027 00:00:00 |k Rodrigo Vera | ||
| 490 | 0 | |a Colección Reeducación Logopédica, 19-20 | |
| 999 | |c 292098 |d 292096 | ||
| 952 | |0 0 |1 0 |4 0 |6 372_357000000000000_TOR_1998 |7 0 |8 P |9 342690 |a BIBEDU |b BIBEDU |c BIBEDU_PB |d 2019-11-20 |h v.1 |i 3660737 |o 372.357 TOR 1998 |p 3660737 |r 2024-01-25 |w 2019-11-20 |y BK |k BME | ||
| 952 | |0 0 |1 0 |4 0 |6 372_357000000000000_TOR_1998 |7 0 |8 P |9 342691 |a BIBEDU |b BIBEDU |c BIBEDU_PB |d 2019-11-20 |h v.2 |i 3660745 |o 372.357 TOR 1998 |p 3660745 |r 2024-01-25 |w 2019-11-20 |y BK |k BME | ||